Score 0/25 Timer 05:00
2 Plays Today
% Correct
Giraffe
99.4%
Polar Bear
98.2%
Bats
98%
Chickens
97.1%
Sea Turtle
93%
Grey Wolf
92.1%
Honeybees
92.1%
Jellyfish
91.9%
Tiger
91.9%
Butterflies
91.8%
Penguins
91.5%
Swans
90.7%
Grasshoppers
90%
% Correct
Flamingos
88.8%
Lobsters
88.7%
Moose
87.7%
Sloth
87.5%
Ring-tailed lemur
81.8%
Otters and Seagull
78.9%
Manatees
72.1%
Sockeye Salmon
70.6%
Red Panda
70.6%
Mountain Lion
67.8%
Mandrill
41.5%
Cow
33%

You're not logged in!

Compare scores with friends on all Sporcle quizzes.
OR
Log In

Sporcle TV

Today on Sporcle TV


Watch our educational content, quiz creation guides, and fun videos on Sporcle TV.

Show Comments

Extras

Top Quizzes Today


Score Distribution

Paid Content

Your Account Isn't Verified!

In order to create a playlist on Sporcle, you need to verify the email address you used during registration. Go to your Sporcle Settings to finish the process.

Report this User

Report this user for behavior that violates our Community Guidelines.

Details: